Increasingly Difficult European Geography #1 - Statistics

General Stats
  • This quiz has been taken 471 times
  • The average score is 13 of 20
Answer Stats
Hint Answer % Correct
Name one of the four countries in the U.K. England / Scotland / Wales / Northern Ireland
100%
What is the largest country in Europe? Russia
100%
What is the smallest country in Europe? Vatican City
100%
Country that surrounds the above Italy
99%
Largest city in the above Moscow
99%
City formerly called Constantinople Istanbul
96%
Region containing Norway, Sweden, and Finland Scandinavia
96%
Peninsula seized by Russia in 2014 Crimea
93%
Region of France where a famous D-Day battle occured Normandy
91%
Series of 3 wars fought between Carthage and _____ from 264 to 146 CE Rome
76%
Largest seaport in Europe Rotterdam
74%
Highest mountain in the UK Ben Nevis
59%
Archipelago containing Spitsbergen,Nordaustlandet, Edgeøya, etc. Svalbard
45%
"The Spine of Italy" Apennine Mountains
33%
Region disputed between Finland and Russia Karelia
33%
Largest lake in Italy Lake Garda
30%
Bridge connecting Copenhagen and Malmö Øresund
29%
Name one of the 2 main straits connecting the North and Baltic seas Skagerrak / Kattegat
27%
River where the 2nd largestcity in Portugal lies on Douro
26%
The peninsulas of Sithonia, Athos, and Kassandra lie on this larger peninsula Chalkidiki Peninsula
6%
No matching quizzes found
Score Distribution
Percent of People with Each Score
Percentile by Number Answered
Your Score History
You have not taken this quiz